| Tag |
First Indicator |
Second Indicator |
Subfields |
| LEADER |
00000cam a22000001i 4500 |
| 001 |
in00003906607 |
| 006 |
m d f |
| 007 |
cr bn mmmapmmp |
| 008 |
381003s1938 dcu o f000 0 eng d |
| 005 |
20250210231518.1 |
| 035 |
|
|
|a ebd1933007034
|
| 040 |
|
|
|a UMI
|c UMI
|e rda
|d UtOrBLW
|
| 086 |
0 |
|
|a C 13.29:11
|
| 099 |
|
|
|a C13.29..11
|
| 110 |
1 |
|
|a United States.
|b Bureau of Standards.
|0 http://id.loc.gov/authorities/names/n89633966
|
| 245 |
1 |
0 |
|a Building materials and structures :
|b Structural properties of the Curren Fabrihome Corporation's "Fabrihome" constructions for walls and partitions.
|
| 264 |
|
1 |
|a [Washington] :
|b [s.n.],
|c 1938.
|
| 300 |
|
|
|a 1 online resource (19 pages), digital, PDF file
|
| 336 |
|
|
|a text
|b txt
|2 rdacontent
|
| 337 |
|
|
|a computer
|b c
|2 rdamedia
|
| 338 |
|
|
|a online resource
|b cr
|2 rdacarrier
|
| 533 |
|
|
|a Electronic reproduction.
|b [Bethesda, Md.] :
|c ProQuest,
|d 2016
|e digital, PDF file.
|n ProQuest U.S. Executive Branch Documents
|n Mode of access: World Wide Web via ProQuest website.
|
| 588 |
|
|
|a Record is based on online resource; title from PDF title page (ProQuest, last viewed July 2016). Reuse except for individual research requires license from ProQuest, LLC.
|
| 650 |
|
0 |
|a Housing.
|0 http://id.loc.gov/authorities/subjects/sh85062603
|
| 650 |
|
0 |
|a Building materials.
|0 http://id.loc.gov/authorities/subjects/sh85017740
|
| 856 |
4 |
0 |
|u http://proxy.library.tamu.edu/login?url=http://congressional.proquest.com/congressional/docview/t66.d71.c13.29..11?
|y Electronic resource (PDF)
|t 0
|
| 999 |
f |
f |
|s 62676a29-ed28-3450-a4b4-16a3c5058e88
|i b0a84f21-e6b3-3bf8-af8e-22312868e1a9
|t 0
|
| 952 |
f |
f |
|a Texas A&M University
|b College Station
|c Electronic Resources
|d Available Online
|t 0
|h No information provided
|
| 998 |
f |
f |
|t 0
|l Available Online
|